| 000 | 00946cam a2200289 i 4500 | ||
|---|---|---|---|
| 999 |
_c7913 _d7913 |
||
| 001 | 991061136474606706 | ||
| 003 | OSt | ||
| 005 | 20240618100119.0 | ||
| 008 | 240603s2024 sp b || 000 0 spa|c | ||
| 017 |
_aDL M 10674-2024 _bOficina DL Madrid |
||
| 020 | _a9788410670099 | ||
| 040 |
_aES-BaICIP _bcat _erda _cCDMR |
||
| 080 | _a956.94"1993/..." | ||
| 100 | 1 | _aÁlvarez-Ossorio, Ignacio, | |
| 245 | 1 | 0 |
_aGaza : _bcrónica de una Nakba anunciada / _cIgnacio Álvarez-Ossorio, José Abu-Tarbush |
| 264 | 1 |
_aMadrid : _bLos Libros de la Catarata, _c2024 |
|
| 300 |
_a198 pàgines : _bil·lustracions, mapes ; _c22 cm |
||
| 490 | 1 |
_aLibros de la catarata ; _v1000 |
|
| 500 | _aBibliografia | ||
| 650 | 7 |
_aConflicte araboisraelià _y1993- _2lemac |
|
| 650 | 7 |
_aGeopolítica _yS. XXI. _2lemac |
|
| 700 | 1 | _aAbu-Tarbush, José, | |
| 830 | 0 |
_aLibros de la catarata (Col·lecció) ; _v1000 |
|
| 908 | _aBMON | ||
| 940 | _aCVA2 | ||
| 942 |
_2udc _cMON |
||